000 01430pab a2200145 454500
008 180718b2015 xxu||||| |||| 00| 0 eng d
245 _aSpreading the truth: how truth commissions address human rights abuses in the world society
260 _c2015
300 _ap.654-673.
362 _aNov
520 _aThis research examines why truth commissions have proliferated worldwide and become a standard component of the transitional justice repertoire, in spite of a lack of evidence that the institution is viable or beneficial in diverse contexts. Drawing on world society theory, the article argues that rationalized myths about the value of truth telling have driven the diffusion of truth commissions. Data from 34 founding charters reveal that a commission's objectives do not necessarily correspond with the precipitating conflict or political transition, but are highly shaped by three external channels of influence: the United Nations, international consultants, and regional proximity. By identifying distinct actors that have developed and promoted different rationalized myths, the article refines world society theory's tendency to present routine uninhabited diffusion of a single institutional model. Instead, truth commissions provide evidence of the uneven spread of a multifarious global institution. - Reproduced.
650 _aHuman rights violations
773 _aInternational Sociology
909 _a110044
999 _c110039
_d110039